Statystyki dla Historia 2

Kliknij tutaj aby rozwiązać quiz!

Ogólne statystyki

  • Ten quiz został rozwiązany 202 razy
  • Średni wynik to 26 z 43

Statystyki odpowiedzi

HintOdpowiedź% Poprawnych
Powstanie warszawskie1944
78%
Polska do UE2004
75%
1 Rozbiór1772
74%
3 Rozbiór1795
74%
Chrzest Polski966
73%
Okrągły stół1989
70%
Konstytucja 3 Majego1791
69%
Odzyskanie przez polske niepodległosci1918
69%
Karol - Chłopak który podtarł sie jeżem (został papieżem)1978
69%
Stan Wojenny1981
69%
Polska do nato1999
68%
2 Rozbiór1793
67%
Odsiecz Wiedeńska1683
66%
Powstanie Kościuszkowskie1794
65%
Dojscie Hitłeła do władzy - nazizm1933
65%
Cud nad wisłą, bitwa warszawska1920
64%
Powstanie w Gettcie warszawskim1943
64%
Powstanie Listopadowe1830-1831
62%
I WŚ1914-1918
61%
Utworzenie AK1942
61%
Utworzenie królestwa polskiego; kongres wiedeński1815
60%
Faszyzm we Włoszech - Dojście Sussoliniego do władzy1922
60%
II WŚ1939-1945
60%
Utworzenie "Solidarności"1980
60%
Założenie Akademii Krakowskiej1364
58%
Wiosna ludów1848
58%
Poznański czerwiec1956
58%
Utworzenie legionów polskich we włoszech1797
56%
Powstanie Styczniowe1863-1864
56%
Nobel dla Wałęsaka1983
56%
Hołd Pruski1525
55%
Krwawa niedziela na wołyniu1943
55%
Utworzenie księstwa warszawskiego1807
53%
Konstytucja Kwietniowa (kim był kwietniow)1935
53%
Potop Szwedzki1655-1660
50%
Powstanie Chmielnickiego1648
49%
Proces szesnastu1945
49%
Konfederacja Targowicka1792
48%
Powstanie Krakowskie, Rabacja Galicyjska1846
48%
Konstytucja Marcowa (kim był marcow)1921
48%
Sejm Wielki1788-1792
47%
Przeniesienie Stolicy z krakowa do warszawy1596
44%
Konfederacja Barska1768-1772
36%

Rozkład punktacji

Percentyl według liczby udzielonych odpowiedzi

Procent ludzi z każdym wynikiem

Twoja historia wyników

Nie rozwiązałeś tego quizu